000 00484nam a2200193Ia 4500
003 0100
008 130303s9999 xx 000 0 und d
040 _cARRUPELIB
050 _aHQ767.5.U5H54
245 _aAbortion and social justice
260 _aNew York
260 _bSheed & Ward
260 _C1972
300 _a328p.
300 _b 23 cm
650 _bKant, Immanuel, 1724-1804-Aesthetics
700 _aHilgers, Thomas W. ; Horan, Dennis J. (ed.)
942 _2lcc
_02
999 _c64646
_d64646